000 00800nam a2200217Ia 4500
999 _c37754
_d37754
001 3730
003 GE_BSU
005 20190628181956.0
008 181216s2011||||ge |||||||||||||| ||geo||
020 _a9789941914980
040 _cGE_BSU
041 _ageo
080 _2621.133.1 ლ–34
100 _aლე კლეზიო, ჟან-მარი გუსტავ
_93084
245 _aშიმშილის მისამღერი :
_bრომანი /
_cფრანგ. თარგმნა ია ბერსენაძემ.
264 _aთბილისი :
_bაგორა,
_c2011.
300 _a277 გვ.;
_b17 სმ.
653 _aრომანი
700 _aბერსენაძე, ია
_eმთარგმნელი
_93085
942 _cBK
_2udc